000 00769nam a22002057a 4500
999 _c62817
_d62817
003 Ge_BSU
005 20250304115918.0
008 250304s1957 ge ||||| |||| 00| 0 geo d
041 _ageo
080 _a616-002.5 კ-22
100 _aკანდელაკი, ი.
_924439
245 _aტუბერკულოზი /
_cი. კანდელაკი.
264 _aთბილისი :
_b საქმედგამი,
_c1957.
300 _a40 გვ. ;
_b 20 სმ.
490 _aსანიტარული განათლების ბიბლიოთეკა
504 _aბიბლიოგრ.: გვ. 39.
653 _aტუბერკულოზი
653 _aმედიცინა
942 _2udc
_cᲬᲘᲒᲜᲘ